000
00255nam a2200097Ia 4500
001
1252996
005
20251031150945.0
008
251031s9999 xx 000 0 und d
245
0
_c
MUSTAFA ORAKÇI
_a
V-11 LEVENT ESKİŞEHİRDE
260
_b
TİMAŞ YAYINLARI
999
_c
1252996
_d
1252996